| 000 | 00000nam 2200000zi 4500 |
| 001 | 9.948251 |
| 003 | CaOODSP |
| 005 | 20250731084545 |
| 006 | m o d f |
| 007 | cr mn||||||||| |
| 008 | 250221t20252025onca o f000 0 fre d |
| 020 | |a9780660759067 |
| 040 | |aCaOODSP|bfre|erda|cCaOODSP |
| 043 | |an-cn--- |
| 045 | |ay2y2 |
| 086 | 1 |aM144-294/2025F-PDF |
| 245 | 00|aSondage de 2025 sur les programmes de transport écoénergétique de marchandises mené auprès de l'industrie : |brapport final / |cpréparé pour Ressources naturelles Canada. |
| 246 | 17|aSondage de 2025 sur les programmes de transport écoénergétique de marchandises mené auprès de l'industrie |
| 264 | 1|a[Ottawa] : |bRessources naturelles Canada = Natural Resources Canada, |c2025. |
| 264 | 4|c©2025 |
| 300 | |a1 ressource en ligne (47 pages) : |billustrations en couleur |
| 336 | |atexte|btxt|2rdacontent/fre |
| 337 | |ainformatique|bc|2rdamedia/fre |
| 338 | |aressource en ligne|bcr|2rdacarrier/fre |
| 500 | |aPublié aussi en anglais sous le titre : 2025 greening freight programs industry survey: final report. |
| 500 | |a« Nom du fournisseur : Phoenix SPI. » |
| 500 | |a« Numéro de contrat : CW2378697. » |
| 500 | |a« Date de présentation du rapport : 2025-03-21. » |
| 500 | |a« Numéro d'enregistrement : POR n° 065-24. » |
| 650 | 6|aCamionnage|xConsommation d'énergie|xPolitique gouvernementale|zCanada|xOpinion publique. |
| 650 | 6|aCamions|xCarburants|xConsommation|xPolitique gouvernementale|zCanada|xOpinion publique. |
| 650 | 6|aCamions|xMoteurs|xGaz d'échappement|xPolitique gouvernementale|zCanada|xOpinion publique. |
| 650 | 6|aOpinion publique|zCanada. |
| 710 | 1 |aCanada. |bRessources naturelles Canada, |eorganisme de publication. |
| 710 | 2 |aPhoenix Strategic Perspectives Inc., |econsultant. |
| 775 | 08|t2025 greening freight programs industry survey : |w(CaOODSP)9.948249 |
| 795 | |tSondage de 2024 sur les programmes de transport écoénergétique de marchandises mené auprès de l'industrie : |w(CaOODSP)9.935241 |
| 856 | 40|qPDF|s2.44 Mo|uhttps://publications.gc.ca/collections/collection_2025/rncan-nrcan/M144-294-2025-fra.pdf|zRapport final |
| 856 | 4 |qHTML|sS.O.|uhttps://epe.bac-lac.gc.ca/100/200/301/pwgsc-tpsgc/por-ef/natural_resources/2025/065-24-f/065-24-rapport.html|zRapport final |
| 856 | 4 |qHTML|sS.O.|uhttps://epe.bac-lac.gc.ca/100/200/301/pwgsc-tpsgc/por-ef/natural_resources/2025/065-24-f/index.html|zEnsemble de données complet |